| 000 | 00942nam a2200229Ia 4500 | ||
|---|---|---|---|
| 003 | IN-BaIIA | ||
| 008 | 211028s9999 xx 000 0 eng d | ||
| 020 | _a978-0-7354-0443-4 | ||
| 040 | _cIIA Library | ||
| 080 |
_a523.9-466(082.1) _bTUR |
||
| 111 |
_n6th _cOahu _d2007 Mar. 16-22 _932665 |
||
| 245 | 0 |
_aTurbulence and nonlinear processes in astrophysical plasmas _bproceedings of the 6th annual international Astrophysics Conference on turbulence and nonlinear processes in astrophysical plasmas, held in Oahu, Hawaii, 16-22 March 2007 _cedited by Shaikh, Dastgeer..[et.al] |
|
| 250 | _a6th ed. | ||
| 260 |
_aMelville _bAmerican Institute of Physics _c2007 |
||
| 300 | _a[various pagings.] | ||
| 650 |
_aAstrophysical plasmas-Congresses _932666 |
||
| 650 |
_aPlasma Physics-Congresses _932667 |
||
| 650 |
_aTurbulence-Congresses _932668 |
||
| 700 |
_aShaikh, Dastgeer., ed. _932669 |
||
| 700 |
_aZank, Gary P., ed. _930265 |
||
| 942 | _cBK | ||
| 999 |
_c17331 _d17331 |
||